Country Flags with Weapons - Statistics

General Stats
  • This quiz has been taken 20 times
    10 since last reset
  • The average score is 17 of 19
Answer Stats
Picture Answer % Correct
Barbados
100%
Belize
100%
Dominican Republic
100%
Mozambique
100%
Vatican City
100%
Andorra
89%
El Salvador
89%
Haiti
89%
Kenya
89%
Montenegro
89%
Saudi Arabia
89%
Sri Lanka
89%
Angola
78%
Ecuador
78%
Eswatini
78%
Guatemala
78%
Malta
78%
Moldova
78%
Oman
78%
No matching quizzes found
Score Distribution
Percent of People with Each Score
Percentile by Number Answered
Your Score History
You have not taken this quiz since the last reset